| 000 | 00860cam a22002171a 4500 | ||
|---|---|---|---|
| 001 | f 01000355 | ||
| 003 | DLC | ||
| 005 | 20260227111237.0 | ||
| 008 | 810918s1890 fr 000 0 fre | ||
| 010 | _af 01000355 | ||
| 035 | _a(OCoLC)7769551 | ||
| 040 |
_aDLC _cNcWsW _dNcWsW _dDLC |
||
| 042 | _apremarc | ||
| 050 | 0 | 0 |
_aPQ2315 _b.M25 1890 |
| 100 | 1 |
_aKarr, Alphonse, _d1808-1890. |
|
| 245 | 1 | 3 |
_aLa maison de l'ogre / _cpar Alphonse Karr. |
| 260 |
_aParis : _bCalmann Lévy, _c1890. |
||
| 300 |
_a2 p. l., 351 p., 1 l. ; _c19 cm. |
||
| 500 | _aHalf-title: Œuvres complètes. | ||
| 505 | 0 | _aLa maison de l'ogre.-- A Ernest Legouvé.-- Klmprsk.-- Logogriphe.-- Conférence sur le bonheur.-- La statue de Jean Jacques Rousseau.-- Éloge de la mort.-- Affaire Boulanger.-- Prix de beauté.-- Une femme dans un salon.-- Une prophétie.-- Panorama du siècle. | |
| 999 |
_c22412 _d22412 |
||